| 000 | 00835nam a22002657a 4500 | ||
|---|---|---|---|
| 999 |
_c6706 _d6706 |
||
| 001 | 18210 | ||
| 003 | BD-DhUAP | ||
| 005 | 20210105153400.0 | ||
| 008 | 210105r20082009ii 001 0 eng d | ||
| 010 | _a 2008027365 | ||
| 020 | _a9788177587869 | ||
| 040 |
_aDLC _cDLC _dBD-DhUAP _beng |
||
| 082 | 0 | 0 |
_a658.15 HOR _223 |
| 100 | 1 |
_aHorne, James C. Van. _926417 |
|
| 245 | 1 | 0 |
_aFundamentals of financial management / _cJames C. Van Horne , John M. Wachowicz and Saumitra N. Bhaduri. |
| 250 | _a12th ed. | ||
| 260 |
_aNew Delhi : _bPearson Education, _cc2008 [2009]. |
||
| 300 |
_axxii, 681 pages ; _c27 cm. |
||
| 504 | _aIncludes index. | ||
| 650 | 0 |
_aCorporations _xFinance. _926418 |
|
| 650 | 0 |
_aBusiness enterprises _xFinance. _926419 |
|
| 700 | 1 |
_aWachowicz, John M. _926420 |
|
| 700 | 1 | _aBhaduri, Saumitra N. | |
| 942 | 0 | 0 |
_2ddc _cBK |